1990 1151 1541 1348 1479 1413 1461 1953 1749 1755 1317 1338 1711 1774 1652 1222 1791 1062 1043 1858 1029 1827 1204 1613 1350 1884 1448 1704 1784 1175 1659 1076 1771 1783 1550 1337 1910 1070 1945 1066 1050 1961 1172 1657 1142 1391 1229 1251 1608 1815 1674 1737 1317 1697 1490 1555 1713 1038 1179 1841 1527 1123 1701 1756 1408 1465 1723 1665 1008 1300 1125 1038 1370 1723 1772 1872 1796 1054 1370 1805 1381 1860 1472 1143 1888 1979 1299 1850 1092 1219 1136 1163 1086 1429 1027 1234 1505 1513 1620 BCNSPRNW ULIB Ver.6.0+V

เปลี่ยนเป็นภาษาไทย

Change to English
 แสดงรายละเอียดบรรณานุกรม
  กลับหน้าหลัก

Brief Record : Get Marc (ISO 2709) : E-mail record : QR code < ปิดหน้าต่าง
LEADER : 00000nam 2200000uu 4500
001    13399120658
003     ULIB
008    121002s2551||||th 000 0 tha d
020    ^a9789744523006
050 04 ^aBQ4190^bม862ส
100 0  ^aแม่ชีประทิน ขวัญอ่อน
245 10 ^aสุขในพริบตา/^cแม่ชีประทิน ขวัญอ่อน
250    ^aพิมพ์ครั้งที่ 1
260    ^aกรุงเทพฯ : เพื่อนคิด, 2551
650  7 ^aความสุข
650  7 ^aสร้างความสุข
945    ^p129^l0^i15445
995    ^aวิภา
999 ^a ใช้งานได้ทุกระบบ
รายการนี้ยังไม่มีแท็ก
คุณยังไม่ได้ล็อกอิน คุณสามารถมีกิจกรรมร่วมกับเว็บไซต์ได้ แต่ต้องล็อกอินก่อน ::
  ล็อกอิน

รายการสื่อสารสนเทศ

ลำดับที่ ประเภท เลขเรียก/บาร์โค้ด สถานที่ สถานะ
1. วิทยาศาสตร์การแพทย์ และสุขภาพ
วิทยาศาสตร์การแพทย์ และสุขภาพ
BQ4190 ม862ส  
  Barcode: 15445
ห้องสมุดวิทยาเขตสวรรค์ประชารักษ์
►หนังสือทั่วไป
บนชั้น

รายการใกล้เคียง
    ผู้แต่ง [แม่ชีประทิน ขวัญอ่อน]

    หัวเรื่อง [ความสุข]
    หัวเรื่อง [สร้างความสุข]

BibComment


ยังไม่เคยถูกคอมเมนท์

คอมเมนท์ทรัพยากรรายการนี้
  คอมเมนท์: สุขในพริบตา แม่ช..


 Copyright 2026. Bcnsprnw @Library